| 000 | 00522nam a2200205Ia 4500 | ||
|---|---|---|---|
| 005 | 20240913125341.0 | ||
| 008 | 240913s9999||||xx |||||||||||||| ||und|| | ||
| 020 | _a81-7992-138-7 | ||
| 041 | _aENGLISH | ||
| 082 | _A658.3 P4 | ||
| 100 | _aJoynt,Pat | ||
| 245 | 0 | _aEncyclopedia of HRD : The Global HR Master Vol 6 | |
| 250 | _a1st | ||
| 260 |
_c2004 _bJaico Pub,M _aMumbai |
||
| 500 | _aREFERENCE | ||
| 650 |
_aHuman Resources _bManagement Studies |
||
| 700 | _a Morton,Bob Eds. | ||
| 942 | _cREF | ||
| 999 |
_c245365 _d245365 |
||